Burn care for the house officer / (Record no. 183196)
[ view plain ]
| 000 -LEADER | |
|---|---|
| fixed length control field | 00957 a2200205 4500 |
| 003 - CONTROL NUMBER IDENTIFIER | |
| control field | Nust |
| 005 - DATE AND TIME OF LATEST TRANSACTION | |
| control field | 20221017120101.0 |
| 010 ## - LIBRARY OF CONGRESS CONTROL NUMBER | |
| LC control number | 80012799 |
| 020 ## - INTERNATIONAL STANDARD BOOK NUMBER | |
| International Standard Book Number | 0683061577 |
| 040 ## - CATALOGING SOURCE | |
| Transcribing agency | Nust |
| 082 00 - DEWEY DECIMAL CLASSIFICATION NUMBER | |
| Classification number | 617.11,MUN |
| 100 1# - MAIN ENTRY--PERSONAL NAME | |
| Personal name | Munster, Andrew M., |
| 9 (RLIN) | 100419 |
| 245 10 - TITLE STATEMENT | |
| Title | Burn care for the house officer / |
| Statement of responsibility, etc. | Andrew M. Munster. |
| 260 ## - PUBLICATION, DISTRIBUTION, ETC. | |
| Place of publication, distribution, etc. | Baltimore : |
| Name of publisher, distributor, etc. | Williams & Wilkins, |
| Date of publication, distribution, etc. | c1980. |
| 300 ## - PHYSICAL DESCRIPTION | |
| Extent | 100 p. : |
| Other physical details | ill. ; |
| Dimensions | 19 cm. |
| 505 ## - FORMATTED CONTENTS NOTE | |
| Formatted contents note | Classification, Natural History and Prognosis (Page-1), First Aid, Triage and Transportation (Page-9), Fluid Resuscitation (Page-15), Care of The Burn Wound (Page-24), Surgery of Burns (Page-36), Complications (Page-53), Nutrition (Page-70), Rehabilitation and Psychosocial Aspects of Burn Care (Page-75), Chemical Burns (Page-83), Electrical Burns (Page-86), Special Considerations in Children (Page-92). |
| 650 #0 - SUBJECT ADDED ENTRY--TOPICAL TERM | |
| Topical term or geographic name entry element | Burns and scalds |
| General subdivision | Treatment. |
| 9 (RLIN) | 100420 |
| 650 #0 - SUBJECT ADDED ENTRY--TOPICAL TERM | |
| Topical term or geographic name entry element | Burns |
| General subdivision | Therapy. |
| 9 (RLIN) | 100421 |
| 942 ## - ADDED ENTRY ELEMENTS (KOHA) | |
| Source of classification or shelving scheme | |
| Koha item type | Book |
| Withdrawn status | Lost status | Source of classification or shelving scheme | Damaged status | Not for loan | Permanent Location | Current Location | Shelving location | Date acquired | Full call number | Barcode | Date last seen | Price effective from | Koha item type | Public note |
|---|---|---|---|---|---|---|---|---|---|---|---|---|---|---|
| Military College of Signals (MCS) | Military College of Signals (MCS) | General Stacks | 12/12/2016 | 617.11,MUN | MCS20872 | 12/08/2016 | 12/12/2016 | Book | Almirah No.26, Shelf No.4 | |||||
| Military College of Signals (MCS) | Military College of Signals (MCS) | General Stacks | 12/12/2016 | 617.11,MUN | MCS21419 | 12/08/2016 | 12/12/2016 | Book | Almirah No.26, Shelf No.4 |
